Statistics for U.S. States with the Most Walgreens Locations

Click here to take the quiz!

General Stats

  • This quiz has been taken 28 times
    (18 since last reset)
  • The average score is 11 of 14

Answer Stats

# StoresU.S. State% Correct
586California
100%
820Florida
100%
701Texas
100%
270Georgia
93%
564New York
93%
234Arizona
86%
574Illinois
86%
242Ohio
79%
232Michigan
71%
356North Carolina
71%
249Massachusetts
64%
280New Jersey
50%
226Wisconsin
43%
271Tennessee
36%

Score Distribution

Percentile by Number Answered

Percent of People with Each Score

Your Score History

You have not taken this quiz since the last reset